[Event "AUT-ch Vor4 Internet"]
[Site "Playchess.com INT"]
[Date "2020.04.25"]
[Round "5"]
[White "Schneider Zinner, Werner"]
[Black "Charaus, Florian"]
[Result "1-0"]
[WhiteElo "1967"]
[BlackElo "2055"]
[PlyCount "137"]
[EventDate "2020.04.25"]
[EventType "swiss (blitz)"]
[EventRounds "9"]
[EventCountry "AUT"]
[SourceTitle "EXT 2021"]
[Source "ChessBase"]
[SourceDate "2020.10.23"]
[SourceVersion "1"]
[SourceVersionDate "2020.10.23"]
[SourceQuality "1"]

1. d4 Nf6 2. Nf3 e6 3. Bf4 c5 4. c3 b6 5. e3 Bb7 6. h3 Be7 7. Be2 0-0 8. 0-0 d6 9. Nbd2 Nbd7 10. a4 Qc7 11. a5 Rad8 12. Nc4 Rfe8 13. axb6 axb6 14. Ra7 Qb8 15. Rxb7 Qxb7 16. Bxd6 Qc6 17. Bxe7 Rxe7 18. Nce5 Nxe5 19. Nxe5 Qc7 20. Bb5 Ra8 21. Qf3 Nd5 22. c4 f6 23. cxd5 fxe5 24. d6 Qxd6 25. Qxa8+ Kf7 26. Qc6 Qxc6 27. Bxc6 cxd4 28. exd4 Rc7 29. d5 exd5 30. Bxd5+ Kf6 31. b3 Rc2 32. Ra1 Rb2 33. Ra6 Kg5 34. Rxb6 Kf4 35. g3+ Kf5 36. Kg2 e4 37. Bc4 e3 38. g4+ Kf4 39. Rb4 Rxf2+ 40. Kg1 Kg3 41. Bf1 e2 42. Bxe2 Rxe2 43. Kf1 Re7 44. h4 Kxh4 45. Kf2 Kg5 46. Kf3 Rc7 47. Rb5+ Kg6 48. Kg3 Rc3+ 49. Kf4 Rc6 50. Rd5 Rb6 51. Rd3 Kf6 52. Ke4 Rb4+ 53. Kf3 h6 54. Kg3 Ke5 55. Rf3 Ke6 56. Kh4 Rb5 57. Kg3 Kd6 58. Kh3 Rg5 59. Kh4 Kc5 60. Rf5+ Rxf5 61. gxf5 Kb4 62. Kh5 Kxb3 63. Kg6 Kb4 64. Kxg7 h5 65. f6 h4 66. f7 h3 67. f8Q+ Kc3 68. Qf3+ Kd2 69. Qxh3 1-0

[Event "AUT-ch Vor4 Internet"]
[Site "Playchess.com INT"]
[Date "2020.04.25"]
[Round "2"]
[White "Wagner, Leopold Franziskus"]
[Black "Schneider Zinner, Werner"]
[Result "1-0"]
[WhiteElo "2168"]
[BlackElo "1967"]
[PlyCount "93"]
[EventDate "2020.04.25"]
[EventType "swiss (blitz)"]
[EventRounds "9"]
[EventCountry "AUT"]
[SourceTitle "EXT 2021"]
[Source "ChessBase"]
[SourceDate "2020.10.23"]
[SourceVersion "1"]
[SourceVersionDate "2020.10.23"]
[SourceQuality "1"]

1. e4 e5 2. Nf3 Nf6 3. Nc3 Nc6 4. Bb5 Nd4 5. Bc4 d6 6. Ng5 d5 7. exd5 h6 8. Nge4 Nxe4 9. Nxe4 Bf5 10. d3 Bxe4 11. dxe4 b5 12. Bd3 f5 13. Qh5+ Kd7 14. c3 fxe4 15. Bxe4 Bd6 16. cxd4 exd4 17. Qf5+ Ke8 18. 0-0 Qe7 19. Bd3 Rf8 20. Bxb5+ Kd8 21. Qd3 Rb8 22. Bd2 Qh4 23. g3 Qg4 24. f3 Qh3 25. f4 Rf5 26. Rae1 c5 27. Re8+ Kc7 28. Rxb8 Kxb8 29. Qe4 Rf8 30. Bc6 Qc8 31. Rf3 Bc7 32. Rb3+ Bb6 33. a4 Qc7 34. a5 Rf7 35. axb6 axb6 36. Ba5 Re7 37. Bxb6 Rxe4 38. Bxc7+ Kxc7 39. Rb7+ Kc8 40. Kf2 d3 41. Ra7 Re2+ 42. Kf3 Rxb2 43. Ra1 Rb8 44. Ke3 Rb3 45. d6 Kd8 46. Ra8+ Rb8 47. Rxb8# 1-0

[Event "AUT-ch Vor3 Internet"]
[Site "Playchess.com INT"]
[Date "2020.04.17"]
[Round "9"]
[White "Schneider Zinner, Werner"]
[Black "Kessler, Manuel"]
[Result "0-1"]
[WhiteElo "1967"]
[BlackElo "1731"]
[PlyCount "92"]
[EventDate "2020.04.17"]
[EventType "swiss (blitz)"]
[EventRounds "9"]
[EventCountry "AUT"]
[SourceTitle "CBM 195 Extra"]
[Source "ChessBase"]
[SourceDate "2020.05.31"]
[SourceVersion "1"]
[SourceVersionDate "2020.05.31"]
[SourceQuality "1"]

1. d4 Nf6 2. Nf3 c5 3. c3 e6 4. Bf4 Nc6 5. e3 d5 6. Nbd2 Bd6 7. Bg3 0-0 8. Bd3 Re8 9. Ne5 Bxe5 10. dxe5 Nd7 11. Bxh7+ Kxh7 12. Nf3 Kg8 13. h4 f6 14. exf6 Nxf6 15. Bf4 e5 16. Bg5 Bg4 17. Qc2 Bxf3 18. gxf3 d4 19. Qg6 dxe3 20. fxe3 Ne7 21. Qc2 Qd7 22. Bxf6 gxf6 23. Rg1+ Kf7 24. Rd1 Qf5 25. Qb3+ Qe6 26. Rg7+ Kxg7 27. Qxe6 Nc6 28. Qg4+ Kf7 29. Rd7+ Re7 30. Rxe7+ Nxe7 31. Qd7 Rb8 32. Qc7 Rf8 33. Qxb7 Rh8 34. Qxa7 Rxh4 35. Qxc5 Ke6 36. Ke2 Rh2+ 37. Kd3 Rxb2 38. Qa3 Rf2 39. Qb3+ Kf5 40. Qb5 Ng6 41. Qc6 Nh4 42. Qe4+ Kg5 43. a4 Nxf3 44. Kc4 Nd2+ 45. Kd3 Nxe4 46. Kxe4 Ra2 0-1

[Event "AUT-ch Vor3 Internet"]
[Site "Playchess.com INT"]
[Date "2020.04.17"]
[Round "6"]
[White "Schneider Zinner, Werner"]
[Black "Stolzlechner, Thomas"]
[Result "1/2-1/2"]
[WhiteElo "1967"]
[BlackElo "2037"]
[PlyCount "91"]
[EventDate "2020.04.17"]
[EventType "swiss (blitz)"]
[EventRounds "9"]
[EventCountry "AUT"]
[SourceTitle "CBM 195 Extra"]
[Source "ChessBase"]
[SourceDate "2020.05.31"]
[SourceVersion "1"]
[SourceVersionDate "2020.05.31"]
[SourceQuality "1"]

1. d4 d5 2. Nf3 Nf6 3. Bf4 c5 4. c3 Nc6 5. e3 e6 6. Nbd2 Bd6 7. Bg3 0-0 8. Bd3 Qe7 9. 0-0 e5 10. dxe5 Nxe5 11. Nxe5 Bxe5 12. Bxe5 Qxe5 13. Nf3 Qe7 14. Re1 Bg4 15. h3 Bh5 16. Be2 Rfd8 17. Nd2 Bxe2 18. Qxe2 Ne4 19. Nxe4 dxe4 20. Rad1 Rxd1 21. Rxd1 Rd8 22. Rd2 g6 23. Qd1 Rxd2 24. Qxd2 b6 25. Qd5 Kg7 26. b3 h5 27. g3 Kf6 28. h4 Kg7 29. Kg2 f5 30. c4 Kh7 31. a3 Kg7 32. Qc6 Kh6 33. a4 Kg7 34. Qd5 Kh6 35. Qg8 Qg7 36. Qb8 Kh7 37. Qd6 Qf7 38. Qe5 Qd7 39. a5 Qd8 40. axb6 Qxb6 41. Qe7+ Kh6 42. Qf8+ Kh7 43. Qf7+ Kh6 44. Qf8+ Kh7 45. Qe7+ Kh6 46. Qf8+ 1/2-1/2

[Event "Cali Cuartas Memorial op"]
[Site "Cali"]
[Date "2017.11.26"]
[Round "8"]
[White "Schneider Zinner, Werner"]
[Black "Gomez Barrero, Sergio"]
[Result "0-1"]
[WhiteElo "2003"]
[BlackElo "2006"]
[PlyCount "82"]
[EventDate "2017.11.22"]
[EventType "swiss"]
[EventRounds "10"]
[EventCountry "COL"]
[SourceTitle "EXT 2019"]
[Source "ChessBase"]
[SourceDate "2018.10.10"]
[SourceVersion "1"]
[SourceVersionDate "2018.10.10"]
[SourceQuality "1"]

1. d4 Nf6 2. c4 c5 3. d5 b5 4. cxb5 a6 5. bxa6 Bxa6 6. Nc3 g6 7. g3 Bg7 8. Bg2 d6 9. Nh3 Nbd7 10. 0-0 0-0 11. Re1 Qa5 12. Bd2 Rab8 13. Qc2 Rb7 14. Rab1 Rfb8 15. b3 Qc7 16. a4 c4 17. b4 Rxb4 18. Rxb4 Rxb4 19. Nb5 Rxb5 20. axb5 Bxb5 21. Rb1 Ba6 22. Bc3 Ng4 23. Bxg7 Kxg7 24. Ng5 Qc5 25. Qc3+ Nde5 26. e3 Nf6 27. Ne4 Nxe4 28. Bxe4 f6 29. Bg2 Bc8 30. h3 Bf5 31. e4 Bd7 32. Bf1 Ba4 33. Kg2 Bb3 34. f4 Nd7 35. Be2 Nb6 36. Bf3 Na4 37. Qe1 Qd4 38. e5 fxe5 39. fxe5 dxe5 40. Qb4 Nc5 41. Re1 c3 0-1

[Event "Cali Cuartas Memorial op"]
[Site "Cali"]
[Date "2017.11.22"]
[Round "1"]
[White "Arango Arenas, Juan Camilo"]
[Black "Schneider Zinner, Werner"]
[Result "1-0"]
[WhiteElo "2209"]
[BlackElo "2003"]
[PlyCount "83"]
[EventDate "2017.11.22"]
[EventType "swiss"]
[EventRounds "10"]
[EventCountry "COL"]
[SourceTitle "EXT 2019"]
[Source "ChessBase"]
[SourceDate "2018.10.10"]
[SourceVersion "1"]
[SourceVersionDate "2018.10.10"]
[SourceQuality "1"]

1. e4 e5 2. Nf3 Nf6 3. Nxe5 d6 4. Nf3 Nxe4 5. Nc3 Nxc3 6. dxc3 Be7 7. Be3 0-0 8. Qd2 Nc6 9. 0-0-0 Ne5 10. Nd4 c5 11. Nf3 Be6 12. Ng5 Qa5 13. a3 d5 14. Bf4 Ng6 15. Nxe6 fxe6 16. Bg3 Bf6 17. Re1 Rae8 18. h4 d4 19. cxd4 Qxd2+ 20. Kxd2 Bxd4 21. h5 Rd8 22. Kc1 Ne7 23. h6 Bxf2 24. hxg7 Rf7 25. Bxf2 Rxf2 26. Bd3 Rxg2 27. Bxh7+ Kxg7 28. Be4 Rg5 29. Rh7+ Kf6 30. Rf1+ Nf5 31. Rxb7 Ke5 32. Re1 Kf4 33. Rxa7 Rd4 34. Bxf5 exf5 35. Rc7 c4 36. a4 Kf3 37. a5 Kf2 38. Rd1 Rg1 39. Rxg1 Kxg1 40. a6 f4 41. a7 Rd8 42. Rf7 1-0

[Event "Manizales op 23rd"]
[Site "Caldas"]
[Date "2011.01.07"]
[Round "3"]
[White "Schneider Zinner, Werner"]
[Black "Torres, Saulo de Jesus"]
[Result "0-1"]
[WhiteElo "2040"]
[BlackElo "1904"]
[PlyCount "51"]
[EventDate "2011.01.06"]
[EventType "swiss"]
[EventRounds "7"]
[EventCountry "COL"]
[SourceTitle "CBM 140 Extra"]
[Source "ChessBase"]
[SourceDate "2011.03.01"]
[SourceVersion "1"]
[SourceVersionDate "2011.03.01"]
[SourceQuality "1"]

1. d4 Nf6 2. Nf3 g6 3. c4 c5 4. e3 Bg7 5. Nc3 0-0 6. Be2 cxd4 7. exd4 d5 8. 0-0 Nc6 9. h3 Qa5 10. a3 Rd8 11. Bf4 dxc4 12. Bxc4 Qf5 13. Be3 Na5 14. Bd3 Qh5 15. Be2 Nd5 16. Nxd5 Qxd5 17. Rc1 b6 18. b4 Nc6 19. Bc4 Qd6 20. Ng5 e6 21. Ne4 Qe7 22. d5 exd5 23. Bxd5 Be6 24. Bg5 Rxd5 25. Rxc6 Rxg5 26. Rxe6 0-1

[Event "Charala op"]
[Site "Charala"]
[Date "2010.07.20"]
[Round "8"]
[White "Peinado, Edwin Halley"]
[Black "Schneider Zinner, Werner"]
[Result "0-1"]
[WhiteElo "2122"]
[BlackElo "2070"]
[PlyCount "74"]
[EventDate "2010.07.17"]
[EventType "swiss"]
[EventRounds "8"]
[EventCountry "COL"]
[SourceTitle "CBM 137 Extra"]
[Source "ChessBase"]
[SourceDate "2010.09.01"]
[SourceVersion "1"]
[SourceVersionDate "2010.09.01"]
[SourceQuality "1"]

1. d4 Nf6 2. Nf3 d5 3. g3 g6 4. Bg2 Bg7 5. c3 c6 6. 0-0 0-0 7. Nbd2 Nbd7 8. Re1 e5 9. Nxe5 Nxe5 10. dxe5 Ng4 11. Nf3 Nxe5 12. Nxe5 Bxe5 13. Bh6 Re8 14. e4 d4 15. f4 Bh8 16. e5 dxc3 17. bxc3 Bf5 18. Bg5 Qb6+ 19. Qd4 Bg7 20. h3 Bf8 21. Kh2 Bc5 22. Qd2 h5 23. Qe2 Be7 24. Bxe7 Rxe7 25. g4 hxg4 26. hxg4 Be6 27. Bf3 Kg7 28. Kg3 Rh8 29. Rh1 Ree8 30. Be4 Qc5 31. Qf3 Rxh1 32. Rxh1 Bxa2 33. Rd1 g5 34. Rd7 Qg1+ 35. Qg2 Qe1+ 36. Kf3 gxf4 37. Kxf4 Qxc3 0-1

[Event "Charala op"]
[Site "Charala"]
[Date "2010.07.19"]
[Round "6"]
[White "Carreno Acevedo, Jhonatan Robert"]
[Black "Schneider Zinner, Werner"]
[Result "1/2-1/2"]
[WhiteElo "1690"]
[BlackElo "2070"]
[PlyCount "97"]
[EventDate "2010.07.17"]
[EventType "swiss"]
[EventRounds "8"]
[EventCountry "COL"]
[SourceTitle "CBM 137 Extra"]
[Source "ChessBase"]
[SourceDate "2010.09.01"]
[SourceVersion "1"]
[SourceVersionDate "2010.09.01"]
[SourceQuality "1"]

1. e4 d6 2. d4 Nf6 3. Nc3 g6 4. Bg5 c6 5. Qd2 b5 6. Bd3 Nbd7 7. Bh6 Bxh6 8. Qxh6 a6 9. Nf3 e5 10. dxe5 Nxe5 11. Nxe5 dxe5 12. 0-0 Ng4 13. Qg7 Qf6 14. Qxf6 Nxf6 15. a4 b4 16. Ne2 a5 17. Rad1 0-0 18. Nc1 Be6 19. f3 Rfd8 20. Be2 Kf8 21. Nd3 Bc4 22. Kf2 Bxd3 23. Bxd3 Ke7 24. Rd2 Rd6 25. Rfd1 Rad8 26. Ke2 Nd7 27. b3 Nb6 28. Ba6 f6 29. Rxd6 Rxd6 30. Rxd6 Kxd6 31. Kd3 Kc5 32. g3 h6 33. Ke3 Kd6 34. h4 g5 35. h5 Ke6 36. g4 Kd6 37. Kd3 Kc5 38. Ke3 Na8 39. Bb7 Nc7 40. Bc8 Kb6 41. Kd3 Ne8 42. Bd7 Nd6 43. Be6 c5 44. Bd5 Nc8 45. Be6 Ne7 46. Bd5 Nc8 47. Be6 Nd6 48. Bd5 Kc7 49. Be6 1/2-1/2

[Event "Manizales op 22nd"]
[Site "Manizales"]
[Date "2010.01.09"]
[Round "5"]
[White "Schneider Zinner, Werner"]
[Black "Castillo, Arcenover"]
[Result "1-0"]
[WhiteElo "2070"]
[BlackElo "1866"]
[PlyCount "93"]
[EventDate "2010.01.07"]
[EventType "swiss"]
[EventRounds "5"]
[EventCountry "COL"]
[SourceTitle "CBM 134 Extra"]
[Source "ChessBase"]
[SourceDate "2010.03.03"]
[SourceVersion "1"]
[SourceVersionDate "2010.03.03"]
[SourceQuality "1"]

1. d4 Nf6 2. Nf3 g6 3. Bf4 Bg7 4. e3 0-0 5. h3 Nh5 6. Bh2 c5 7. c3 cxd4 8. exd4 d5 9. Be2 Qb6 10. Qb3 Qxb3 11. axb3 Nf6 12. Nbd2 Nc6 13. 0-0 Nd7 14. Bb5 a6 15. Bxc6 bxc6 16. Rfe1 e6 17. b4 Re8 18. Ne5 Nxe5 19. Bxe5 Bxe5 20. Rxe5 f6 21. Re3 e5 22. Nb3 e4 23. Nc5 f5 24. f4 Re7 25. h4 Rea7 26. Ra5 Rb8 27. Re1 Rb5 28. Rea1 Rxa5 29. Rxa5 Kg7 30. Kf2 Kh6 31. Ra1 Kh5 32. Kg3 h6 33. Rh1 Re7 34. Kh3 g5 35. hxg5 hxg5 36. Kg3+ Kg6 37. Rh8 e3 38. Rxc8 e2 39. Rxc6+ Kf7 40. Nd3 Re3+ 41. Kf2 Rxd3 42. Kxe2 Rg3 43. fxg5 Rxg2+ 44. Kf3 Rxb2 45. Kf4 Rf2+ 46. Ke5 Rf3 47. Kxd5 1-0

[Event "Manizales op 22nd"]
[Site "Manizales"]
[Date "2010.01.09"]
[Round "4"]
[White "Zuluaga Mancilla, Cesar"]
[Black "Schneider Zinner, Werner"]
[Result "1-0"]
[WhiteElo "2319"]
[BlackElo "2070"]
[PlyCount "63"]
[EventDate "2010.01.07"]
[EventType "swiss"]
[EventRounds "5"]
[EventCountry "COL"]
[SourceTitle "CBM 134 Extra"]
[Source "ChessBase"]
[SourceDate "2010.03.03"]
[SourceVersion "1"]
[SourceVersionDate "2010.03.03"]
[SourceQuality "1"]

1. d4 Nf6 2. Nf3 g6 3. c4 Bg7 4. Nc3 d5 5. Bf4 0-0 6. e3 c6 7. Qb3 e6 8. h3 Nbd7 9. Be2 Re8 10. 0-0 Qe7 11. Rfd1 dxc4 12. Bxc4 Nd5 13. Bg3 N5b6 14. Bf1 e5 15. a4 exd4 16. Nxd4 Nc5 17. Qa3 Be5 18. Bxe5 Qxe5 19. a5 Nbd7 20. a6 Nb6 21. Rac1 Ne6 22. Nf3 Qc5 23. b4 Qe7 24. Qa1 Nd5 25. Nxd5 cxd5 26. b5 bxa6 27. bxa6 Nc7 28. Qa5 Ne6 29. Qxd5 Rb8 30. Qd6 Qxd6 31. Rxd6 Nf8 32. Rc7 1-0

[Event "Cali Menor 2100 op 11th"]
[Site "Cali"]
[Date "2009.12.27"]
[Round "3.1"]
[White "Ossa Ramirez, Jesus Antonio"]
[Black "Schneider Zinner, Werner"]
[Result "1-0"]
[WhiteElo "1853"]
[BlackElo "2070"]
[PlyCount "68"]
[EventDate "2009.12.26"]
[EventType "swiss"]
[EventRounds "8"]
[EventCountry "COL"]
[SourceTitle "EXT 2024"]
[Source "ChessBase"]
[SourceDate "2023.10.10"]
[SourceVersion "1"]
[SourceVersionDate "2023.10.10"]
[SourceQuality "1"]

1. e4 d6 2. Bc4 Nf6 3. Nc3 g6 4. d4 Bg7 5. Be3 0-0 6. Nf3 Bg4 7. h3 Bxf3 8. gxf3 e5 9. Ne2 Nc6 10. c3 Nh5 11. Qd2 Kh8 12. 0-0-0 f5 13. exf5 gxf5 14. f4 e4 15. Bb5 d5 16. Rdg1 a6 17. Ba4 b5 18. Bd1 Rb8 19. Rg5 Qe8 20. Rhg1 Bh6 21. R5g2 b4 22. Ng3 bxc3 23. bxc3 Nxg3 24. fxg3 Qe7 25. Bb3 Na5 26. Qb2 Nc4 27. Qe2 Qa3+ 28. Kd1 Rxb3 29. axb3 Qxb3+ 30. Ke1 Qxc3+ 31. Kf2 Rb8 32. Rc1 Qa3 33. Rc2 Rb3 34. Bc1 Bg7 1-0

[Event "Cali op"]
[Site "Cali"]
[Date "2008.12.28"]
[Round "5"]
[White "Schneider Zinner, Werner"]
[Black "Valle, Efrain"]
[Result "0-1"]
[WhiteElo "2043"]
[BlackElo "2173"]
[PlyCount "50"]
[EventDate "2008.12.26"]
[EventType "swiss"]
[EventRounds "9"]
[EventCountry "COL"]
[SourceTitle "CBM 128 Extra"]
[Source "ChessBase"]
[SourceDate "2009.03.05"]
[SourceVersion "2"]
[SourceVersionDate "2009.03.25"]
[SourceQuality "1"]

1. d4 Nc6 2. c4 e5 3. d5 Nce7 4. Nc3 Ng6 5. Nf3 Nf6 6. e3 Bb4 7. Bd2 0-0 8. a3 Be7 9. b4 d6 10. Be2 Ne8 11. Qb3 f5 12. c5 Kh8 13. Qc4 e4 14. Nd4 Ne5 15. Qb5 a6 16. Qa5 Bd7 17. Ne6 Bxe6 18. dxe6 c6 19. cxd6 Qxd6 20. Rd1 Qxe6 21. 0-0 Nd6 22. Na4 Ndc4 23. Bxc4 Nxc4 24. Qc7 Bd6 25. Qxb7 Rfb8 0-1

[Event "Cali op"]
[Site "Cali"]
[Date "2008.12.26"]
[Round "2"]
[White "Vittorino, Carlo Giovanni"]
[Black "Schneider Zinner, Werner"]
[Result "0-1"]
[WhiteElo "2343"]
[BlackElo "2043"]
[PlyCount "50"]
[EventDate "2008.12.26"]
[EventType "swiss"]
[EventRounds "9"]
[EventCountry "COL"]
[SourceTitle "CBM 128 Extra"]
[Source "ChessBase"]
[SourceDate "2009.03.05"]
[SourceVersion "2"]
[SourceVersionDate "2009.03.25"]
[SourceQuality "1"]

1. d4 Nf6 2. c4 g6 3. Nc3 d5 4. cxd5 Nxd5 5. e4 Nxc3 6. bxc3 Bg7 7. Bc4 0-0 8. Ne2 Nc6 9. Be3 b6 10. Qd2 Na5 11. Bd3 c5 12. Bh6 cxd4 13. Bxg7 Kxg7 14. cxd4 Qd6 15. 0-0 Bb7 16. f4 Rac8 17. f5 Qa3 18. Rf3 Nb3 19. Qf4 Nxa1 20. Rh3 h5 21. e5 Qb4 22. f6+ Kg8 23. Kf2 Nc2 24. Bxc2 Rxc2 25. Rxh5 Qd2 0-1

[Event "Manizales op 20th"]
[Site "Manizales"]
[Date "2008.01.12"]
[Round "5"]
[White "Maldonado, Hernan"]
[Black "Schneider Zinner, Werner"]
[Result "0-1"]
[WhiteElo "1815"]
[BlackElo "2065"]
[PlyCount "46"]
[EventDate "2008.01.10"]
[EventType "swiss"]
[EventRounds "7"]
[EventCountry "COL"]
[SourceTitle "EXT 2010"]
[Source "ChessBase"]
[SourceDate "2010.11.25"]
[SourceVersion "1"]
[SourceVersionDate "2010.11.25"]
[SourceQuality "1"]

1. e4 d6 2. d4 Nf6 3. Nc3 g6 4. f3 c6 5. Be3 b5 6. Bd3 a6 7. Qd2 Bb7 8. g4 h5 9. gxh5 Nxh5 10. Nge2 Nd7 11. 0-0-0 Qa5 12. a3 Bg7 13. Ng3 c5 14. Nxh5 Rxh5 15. dxc5 Bxc3 16. Qxc3 Qxc3 17. bxc3 Nxc5 18. Kb2 Rc8 19. c4 Nxd3+ 20. cxd3 bxc4 21. d4 Rb5+ 22. Kc2 Rb3 23. Bc1 Rxf3 0-1

[Event "Manizales op 20th"]
[Site "Manizales"]
[Date "2008.01.12"]
[Round "4"]
[White "Schneider Zinner, Werner"]
[Black "Prieto, Ernesto"]
[Result "0-1"]
[WhiteElo "2065"]
[BlackElo "2188"]
[PlyCount "73"]
[EventDate "2008.01.10"]
[EventType "swiss"]
[EventRounds "7"]
[EventCountry "COL"]
[SourceTitle "EXT 2010"]
[Source "ChessBase"]
[SourceDate "2010.11.25"]
[SourceVersion "1"]
[SourceVersionDate "2010.11.25"]
[SourceQuality "1"]

1. d4 Nf6 2. c4 g6 3. Nc3 d5 4. Nf3 Bg7 5. Bg5 Ne4 6. cxd5 Nxc3 7. bxc3 Qxd5 8. Qb3 Qd8 9. e3 0-0 10. Be2 h6 11. Bh4 Nc6 12. 0-0 b6 13. Rfd1 Na5 14. Qa3 g5 15. Bg3 Bg4 16. Rac1 Re8 17. c4 e6 18. c5 c6 19. Qb4 Bxf3 20. Bxf3 b5 21. a4 a6 22. Ra1 Re7 23. h4 f5 24. hxg5 hxg5 25. Bd6 Rea7 26. g4 Rc8 27. axb5 axb5 28. Ra2 Rca8 29. Kg2 Nc4 30. Rxa7 Rxa7 31. Bxc6 Ra2 32. Rd3 f4 33. Bxb5 Nxe3+ 34. Kf3 Nxg4 35. Kxg4 Qf6 36. Rd2 Qf5+ 37. Kf3 0-1

[Event "Cali TAEI op 3rd"]
[Site "Cali"]
[Date "2007.05.18"]
[Round "?"]
[White "Gonzalez, Juan Manuel"]
[Black "Schneider Zinner, Werner"]
[Result "0-1"]
[WhiteElo "2119"]
[BlackElo "2085"]
[PlyCount "58"]
[EventDate "2007.05.18"]
[EventType "swiss"]
[EventRounds "13"]
[EventCountry "COL"]
[SourceTitle "EXT 2024"]
[Source "ChessBase"]
[SourceDate "2023.10.10"]
[SourceVersion "1"]
[SourceVersionDate "2023.10.10"]
[SourceQuality "1"]

1. d4 Nf6 2. Nf3 d5 3. c3 c6 4. Bf4 Bf5 5. e3 e6 6. Qb3 Qb6 7. Be2 Nbd7 8. 0-0 Be7 9. Nbd2 0-0 10. h3 h6 11. c4 Ne4 12. c5 Nxd2 13. Nxd2 Qxb3 14. Nxb3 b6 15. Ba6 e5 16. dxe5 Nxc5 17. Nxc5 bxc5 18. Bb7 Rab8 19. Bxc6 Be6 20. Rfd1 Rfd8 21. Rd2 Rb6 22. Ba4 Rdb8 23. b3 Ra6 24. g4 c4 25. Rad1 g5 26. Bg3 h5 27. bxc4 dxc4 28. Bd7 c3 29. Rd4 c2 0-1

[Event "Cali TAEI op 3rd"]
[Site "Cali"]
[Date "2007.05.18"]
[Round "?"]
[White "Rua, Nora L"]
[Black "Schneider Zinner, Werner"]
[Result "0-1"]
[WhiteElo "1957"]
[BlackElo "2085"]
[PlyCount "70"]
[EventDate "2007.05.18"]
[EventType "swiss"]
[EventRounds "13"]
[EventCountry "COL"]
[SourceTitle "EXT 2024"]
[Source "ChessBase"]
[SourceDate "2023.10.10"]
[SourceVersion "1"]
[SourceVersionDate "2023.10.10"]
[SourceQuality "1"]

1. d4 Nf6 2. Nf3 c5 3. c3 cxd4 4. cxd4 d5 5. Nc3 Nc6 6. e3 Bf5 7. Nh4 Bg6 8. Nxg6 hxg6 9. Be2 e6 10. Bf3 Bd6 11. h3 Rc8 12. Bd2 0-0 13. 0-0 Bb8 14. Rc1 e5 15. Bg4 exd4 16. exd4 Nxg4 17. Qxg4 Re8 18. Bf4 f5 19. Qg5 Qxg5 20. Bxg5 Nxd4 21. Rfe1 Ne6 22. Nxd5 Rxc1 23. Bxc1 Kf7 24. b3 Rd8 25. Nc3 Rd3 26. Re3 Rd7 27. Bb2 b5 28. a3 a6 29. Kf1 Nc5 30. b4 Nd3 31. Ba1 Ne5 32. Bb2 Nc4 33. Re2 Nxb2 34. Rxb2 Be5 35. Rc2 Rc7 0-1